000 00521cam a2200169 i 4500
005 20250901165807.0
008 051004s2002 ke a 000 j swa d
010 _a 2005328487
020 _a996622226X
050 0 0 _aPL8704.M64 2002
100 1 _aMohamed, Said Ahmed,
_d1947-
245 1 0 _aSadiki ukipenda na hadithi nyingine /
_cSaid A. Mohamed.
250 _aChapa ya kwanza
260 _aNairobi, Kenya :
_bThe Jomo Kenyatta Foundation,
_c2002.
300 _aviii, 147 pages :
_billustrations ;
_c21 cm.
942 _2lcc
999 _c9324
_d9324